000
00268nam a22001217a 4500
082
_a
823
_b
TAY/B
100
_a
TAYLOR, GERALDINE
245
_a
BELLA & GERTLE
260
_a
UNITED KINGDOM
_b
LADY BIRD BOOKS
300
_a
16
650
_a
ENGLISH STORY
_z
INDIA
942
_c
BK
999
_c
7488
_d
7488